LEADER 01355nam a2200301 u 4500 001 000000022127 003 CaOOAMICUS 005 20070226111106.0 008 950426s1951 it u000 u ita u 035 $a10551422 040 $aPUL(R)$bita 100 1 $aPraz, Mario,$d1896-1982.$0(OLS)http://pul/name/18821 245 10$aCronache letterarie anglosassoni :$bcronache inglesi e americane /$cMario Praz. 260 $aRoma :$bEd. di storia e letteratura,$c19- 300 $av. ;$c21 cm 490 1 $aLetture di pensiero e d'arte ;$v[16-17] 500 $aContiene indici. 500 $av. 2: parte I. Cronache inglesi (seguito). -- parte II. Cronache americane. 504 $aBibliofrafia in nota 650 4$aLetteratura inglese$ySec. XX.$0(OLS)http://pul/subject/13989 650 4$aLetteratura americana$ySec. XX.$0(OLS)http://pul/subject/13990 830 0$aLetture di pensiero e d'arte ;$v[16-17].$0(OLS)http://pul/title/7877 850 $aPUL 852 $aPUL$W1$xDP1 Fondo Maccarrone$y58$m1516 F 7$j31085$nBK-PRI$b $qFondi$B31085$CPULBib$Z2$F31085 $H $81 941 1 $a1 961 $aINV: 4035 F. Maccarrone 996 $6245$aCronache letterarie anglosassoni :$bcronache inglesi e americane$9(OLS)http://pul/title/30879 996 $6260$aRoma :$bEd. di storia e letteratura$9(OLS)http://pul/publisher/54211 LEADER 01250nam a2200301 a 4500 001 000000139956 003 CaOOAMICUS 005 20140926130336.0 008 140926s2014 it u000 u ita r 020 $a978-88-10-22173-0 040 $aPUL$bita 082 04$a220 100 1 $aMazzinghi, Luca,$csac.,$d1960-$0(OLS)http://pul/name/22627 245 10$aAl cuore della sapienza :$baspetti del vivere nell'Antico Testamento /$cLuca Mazzinghi. 260 $aBologna :$bEDB,$cİ2014. 300 $a148 p. ;$c21 cm 490 1 $aCollana biblica 504 $aBibliografia in nota. 630 04$aBiblia.$pV.T.$xCritica e interpretazione.$0(OLS)http://pul/subject/3062 830 0$aCollana biblica (Edizioni Dehoniane).$0(OLS)http://pul/title/43126 850 $aPUL 852 $aPUL$W1$xSL Religione 3$y85$m220 COLL 6.33$j161671$qDDC 21$B161125$CPULBib$Z2$F161125 $H124680 $82 941 1 $a9 996 $6020$a978-88-10-22173-0$9(OLS)http://pul/number/156039 996 $6082$a220$9(OLS)http://pul/classification/523 996 $6245$aAl cuore della sapienza :$baspetti del vivere nell'Antico Testamento$9(OLS)http://pul/title/177166 996 $6260$aBologna :$bEDB$9(OLS)http://pul/publisher/56073